[Event "World Chess Olympiad 2018"]
[Site "Batumi"]
[Date "2018.09.24"]
[Round "1"]
[Board "2"]
[WhiteFideId "1950711"]
[White "Monteiro Antonio"]
[BlackFideId "3003809"]
[Black "Lopez Azambuja Nicolas"]
[Result "0-1"]
[LiveChessVersion "1.4.8"]
[BlackElo "2322"]
[WhiteElo "1877"]

1. d4 {[%clk 1:30:56]} Nf6 {[%clk 1:30:50]} 2. c4 {[%clk 1:31:11]} e6
{[%clk 1:31:12]} 3. Nf3 {[%clk 1:31:16]} d5 {[%clk 1:29:24]} 4. Nc3
{[%clk 1:30:26]} Bb4 {[%clk 1:29:45]} 5. Qc2 {[%clk 1:28:53]} O-O
{[%clk 1:29:09]} 6. e3 {[%clk 1:28:16]} b6 {[%clk 1:28:11]} 7. cxd5
{[%clk 1:27:37]} exd5 {[%clk 1:27:17]} 8. Be2 {[%clk 1:26:54]} Bb7
{[%clk 1:23:17]} 9. O-O {[%clk 1:26:42]} Nbd7 {[%clk 1:20:49]} 10. Bd2
{[%clk 1:19:42]} a6 {[%clk 1:18:09]} 11. Rac1 {[%clk 1:19:53]} Bd6
{[%clk 1:18:00]} 12. a3 {[%clk 1:18:49]} Ne4 {[%clk 1:14:16]} 13. Bd3
{[%clk 1:17:38]} Re8 {[%clk 1:12:55]} 14. Ne2 {[%clk 1:15:46]} c5
{[%clk 1:07:01]} 15. Ng3 {[%clk 1:15:58]} c4 {[%clk 1:03:14]} 16. Be2
{[%clk 1:11:28]} Rc8 {[%clk 1:01:46]} 17. Bc3 {[%clk 1:06:00]} b5
{[%clk 0:52:57]} 18. Nd2 {[%clk 1:00:53]} Nxg3 {[%clk 0:47:11]} 19. hxg3
{[%clk 1:00:40]} a5 {[%clk 0:47:07]} 20. Nf3 {[%clk 0:58:13]} b4 {[%clk 0:45:05]}
21. axb4 {[%clk 0:54:37]} axb4 {[%clk 0:45:31]} 22. Bd2 {[%clk 0:54:38]} Nf6
{[%clk 0:40:11]} 23. Ng5 {[%clk 0:49:27]} h6 {[%clk 0:33:50]} 24. Nf3
{[%clk 0:47:03]} Qb6 {[%clk 0:30:47]} 25. Qf5 {[%clk 0:37:44]} Ra8
{[%clk 0:29:26]} 26. g4 {[%clk 0:35:26]} Bc8 {[%clk 0:28:21]} 27. Qc2
{[%clk 0:34:57]} Bxg4 {[%clk 0:28:41]} 28. Ra1 {[%clk 0:34:45]} Ne4
{[%clk 0:26:16]} 29. Rfe1 {[%clk 0:32:55]} b3 {[%clk 0:24:42]} 30. Rxa8
{[%clk 0:30:28]} Rxa8 {[%clk 0:24:59]} 31. Qc1 {[%clk 0:29:03]} Bxf3
{[%clk 0:25:10]} 32. Bxf3 {[%clk 0:26:26]} Nxd2 {[%clk 0:25:30]} 33. Qxd2
{[%clk 0:25:39]} Bb4 {[%clk 0:25:52]} 34. Qc1 {[%clk 0:25:45]} Bxe1
{[%clk 0:26:16]} 35. Qxe1 {[%clk 0:25:57]} Qa5 {[%clk 0:26:35]} 36. Qxa5
{[%clk 0:25:55]} Rxa5 {[%clk 0:27:01]} 37. Kf1 {[%clk 0:25:49]} c3
{[%clk 0:27:00]} 0-1

[Event "World Chess Olympiad 2018"]
[Site "Batumi"]
[Date "2018.09.24"]
[Round "1"]
[Board "3"]
[WhiteFideId "101710"]
[White "Rodi Luis Ernesto"]
[BlackFideId "1928112"]
[Black "Pereira Eder Marcio"]
[Result "1-0"]
[LiveChessVersion "1.4.8"]
[BlackElo "1781"]
[WhiteElo "2308"]

1. e4 {[%clk 1:30:47]} e6 {[%clk 1:30:26]} 2. d4 {[%clk 1:31:09]} d5
{[%clk 1:30:43]} 3. Nd2 {[%clk 1:31:33]} Nf6 {[%clk 1:29:35]} 4. e5
{[%clk 1:31:54]} Nfd7 {[%clk 1:29:58]} 5. c3 {[%clk 1:32:13]} c5 {[%clk 1:29:26]}
6. f4 {[%clk 1:32:35]} Nc6 {[%clk 1:27:45]} 7. Ndf3 {[%clk 1:32:55]} cxd4
{[%clk 1:24:05]} 8. cxd4 {[%clk 1:33:17]} Bb4+ {[%clk 1:24:27]} 9. Bd2
{[%clk 1:31:22]} Qb6 {[%clk 1:20:44]} 10. Bxb4 {[%clk 1:30:55]} Qxb4+
{[%clk 1:20:58]} 11. Qd2 {[%clk 1:31:17]} b6 {[%clk 1:16:18]} 12. Rc1
{[%clk 1:25:46]} Qxd2+ {[%clk 1:14:38]} 13. Kxd2 {[%clk 1:26:08]} Bb7
{[%clk 1:14:59]} 14. Bd3 {[%clk 1:23:48]} O-O {[%clk 1:11:55]} 15. Ne2
{[%clk 1:24:07]} Rac8 {[%clk 1:11:34]} 16. f5 {[%clk 1:23:11]} h6
{[%clk 1:01:42]} 17. Nf4 {[%clk 1:21:34]} Rce8 {[%clk 0:52:38]} 18. g4
{[%clk 1:15:07]} g6 {[%clk 0:45:36]} 19. Rhg1 {[%clk 1:13:57]} g5
{[%clk 0:45:00]} 20. Nh5 {[%clk 1:13:54]} f6 {[%clk 0:45:16]} 21. fxe6
{[%clk 1:13:41]} Rxe6 {[%clk 0:40:40]} 22. Bf5 {[%clk 1:13:27]} Re7
{[%clk 0:40:43]} 23. Bxd7 {[%clk 1:12:44]} Rxd7 {[%clk 0:39:55]} 24. Nxf6+
{[%clk 1:13:03]} Rxf6 {[%clk 0:40:18]} 25. exf6 {[%clk 1:13:26]} Rf7
{[%clk 0:40:26]} 26. Ne5 {[%clk 1:12:16]} Rxf6 {[%clk 0:38:05]} 27. Nxc6
{[%clk 1:11:21]} Bxc6 {[%clk 0:35:35]} 28. Rgf1 {[%clk 1:11:31]} Re6
{[%clk 0:35:39]} 29. Rce1 {[%clk 1:11:54]} Rd6 {[%clk 0:35:39]} 30. Re7
{[%clk 1:12:08]} Rd7 {[%clk 0:35:39]} 31. Re6 {[%clk 1:11:40]} Bb5
{[%clk 0:35:17]} 32. Rff6 {[%clk 1:11:58]} Rf7 {[%clk 0:31:38]} 33. Rxf7
{[%clk 1:12:19]} Kxf7 {[%clk 0:32:01]} 34. Rxh6 {[%clk 1:12:45]} 1-0

[Event "World Chess Olympiad 2018"]
[Site "Batumi"]
[Date "2018.09.24"]
[Round "1"]
[Board "4"]
[WhiteFideId "23600110"]
[White "Barros Luis"]
[BlackFideId "3000486"]
[Black "Muniz Rafael"]
[Result "0-1"]
[LiveChessVersion "1.4.8"]
[BlackElo "2248"]
[WhiteElo "1774"]

1. e4 {[%clk 1:30:51]} c5 {[%clk 1:30:52]} 2. Nf3 {[%clk 1:30:37]} d6
{[%clk 1:31:13]} 3. h3 {[%clk 1:30:38]} Nf6 {[%clk 1:28:55]} 4. Nc3
{[%clk 1:30:06]} e6 {[%clk 1:25:43]} 5. d4 {[%clk 1:28:07]} cxd4 {[%clk 1:19:01]}
6. Nxd4 {[%clk 1:26:21]} Nc6 {[%clk 1:16:24]} 7. Nf3 {[%clk 1:21:29]} Be7
{[%clk 1:13:10]} 8. Bd3 {[%clk 1:16:28]} d5 {[%clk 1:07:05]} 9. e5
{[%clk 1:15:17]} Nd7 {[%clk 1:06:43]} 10. Bf4 {[%clk 1:14:51]} a6
{[%clk 1:00:03]} 11. a3 {[%clk 1:13:43]} Nc5 {[%clk 0:56:31]} 12. Be2
{[%clk 1:09:33]} f6 {[%clk 0:50:40]} 13. b4 {[%clk 1:07:33]} Nd7 {[%clk 0:48:36]}
14. Nd4 {[%clk 1:03:37]} Ndxe5 {[%clk 0:40:06]} 15. Bh2 {[%clk 0:54:17]} O-O
{[%clk 0:36:56]} 16. O-O {[%clk 0:53:15]} Nxd4 {[%clk 0:30:36]} 17. Qxd4
{[%clk 0:52:21]} Nc6 {[%clk 0:30:06]} 18. Qd3 {[%clk 0:50:05]} Bd6
{[%clk 0:27:33]} 19. f4 {[%clk 0:49:38]} Ne7 {[%clk 0:22:10]} 20. Rad1
{[%clk 0:48:53]} Bc7 {[%clk 0:19:58]} 21. Rd2 {[%clk 0:45:58]} Qe8
{[%clk 0:17:38]} 22. Re1 {[%clk 0:41:56]} Qf7 {[%clk 0:16:03]} 23. Bf3
{[%clk 0:41:38]} Kh8 {[%clk 0:14:59]} 24. Kh1 {[%clk 0:40:48]} f5
{[%clk 0:12:37]} 25. Ne2 {[%clk 0:38:46]} Bb6 {[%clk 0:08:42]} 26. Bg1
{[%clk 0:38:38]} Bxg1 {[%clk 0:08:44]} 27. Kxg1 {[%clk 0:38:54]} Bd7
{[%clk 0:06:06]} 28. Nd4 {[%clk 0:38:06]} Nc6 {[%clk 0:05:03]} 29. Rde2
{[%clk 0:36:55]} Nxd4 {[%clk 0:04:07]} 30. Qxd4 {[%clk 0:37:01]} Rae8
{[%clk 0:03:31]} 31. Qb6 {[%clk 0:36:03]} Bc8 {[%clk 0:02:40]} 32. a4
{[%clk 0:34:57]} Qd7 {[%clk 0:02:13]} 33. Bh5 {[%clk 0:33:54]} g6
{[%clk 0:00:58]} 34. Qd4+ {[%clk 0:32:59]} Qg7 {[%clk 0:01:04]} 35. Qxg7+
{[%clk 0:32:32]} Kxg7 {[%clk 0:01:27]} 36. Bf3 {[%clk 0:31:45]} Bd7
{[%clk 0:01:15]} 37. a5 {[%clk 0:31:01]} Rc8 {[%clk 0:01:25]} 38. Rd1
{[%clk 0:29:41]} Rc4 {[%clk 0:00:53]} 39. Rb1 {[%clk 0:22:48]} Rxf4
{[%clk 0:00:53]} 40. Rd2 {[%clk 0:52:25]} Rc4 {[%clk 0:30:46]} 41. Be2
{[%clk 0:52:14]} Rc7 {[%clk 0:29:18]} 42. Kf2 {[%clk 0:47:20]} Rfc8
{[%clk 0:27:49]} 43. Rc1 {[%clk 0:44:44]} Rc3 {[%clk 0:27:19]} 44. Ke1
{[%clk 0:42:35]} Kf6 {[%clk 0:25:21]} 45. Kd1 {[%clk 0:42:08]} Ba4
{[%clk 0:24:30]} 46. Bf1 {[%clk 0:41:26]} g5 {[%clk 0:24:13]} 47. Be2
{[%clk 0:41:13]} Bb5 {[%clk 0:19:57]} 48. Bf3 {[%clk 0:40:25]} R8c4
{[%clk 0:19:17]} 49. Rb1 {[%clk 0:39:47]} Rf4 {[%clk 0:18:41]} 50. Rf2
{[%clk 0:39:10]} g4 {[%clk 0:16:51]} 51. Kd2 {[%clk 0:38:43]} Rcc4
{[%clk 0:16:48]} 52. hxg4 {[%clk 0:31:36]} fxg4 {[%clk 0:16:49]} 53. Be2
{[%clk 0:31:20]} Rxf2 {[%clk 0:17:07]} 54. Ke1 {[%clk 0:31:23]} Rxe2+
{[%clk 0:17:24]} 0-1

[Event "World Chess Olympiad 2018"]
[Site "Batumi"]
[Date "2018.09.24"]
[Round "1"]
[Board "1"]
[WhiteFideId "10002235"]
[White "Mdoe Yusuf"]
[BlackFideId "6501311"]
[Black "Duran Vega Sergio"]
[Result "0-1"]
[LiveChessVersion "1.4.8"]
[BlackElo "2401"]
[WhiteElo "1771"]

1. d4 {[%clk 1:30:41]} Nf6 {[%clk 1:30:46]} 2. Nf3 {[%clk 1:30:57]} d5
{[%clk 1:31:06]} 3. e3 {[%clk 1:31:16]} c5 {[%clk 1:31:29]} 4. b3
{[%clk 1:30:59]} Nc6 {[%clk 1:31:35]} 5. Bd3 {[%clk 1:30:49]} Bg4
{[%clk 1:31:57]} 6. Bb2 {[%clk 1:30:34]} cxd4 {[%clk 1:32:09]} 7. exd4
{[%clk 1:30:40]} e6 {[%clk 1:32:14]} 8. Nbd2 {[%clk 1:30:45]} Bd6
{[%clk 1:32:07]} 9. h3 {[%clk 1:29:27]} Bh5 {[%clk 1:31:56]} 10. Qe2
{[%clk 1:28:46]} O-O {[%clk 1:31:49]} 11. g4 {[%clk 1:26:03]} Bg6
{[%clk 1:31:37]} 12. Bxg6 {[%clk 1:20:13]} hxg6 {[%clk 1:31:58]} 13. Ne5
{[%clk 1:19:01]} Qc7 {[%clk 1:20:33]} 14. Nxc6 {[%clk 1:15:13]} Qxc6
{[%clk 1:20:31]} 15. Qd3 {[%clk 1:10:44]} Rfc8 {[%clk 1:18:37]} 16. O-O-O
{[%clk 1:06:38]} Rc7 {[%clk 1:14:47]} 17. Kb1 {[%clk 1:05:39]} b5
{[%clk 1:09:32]} 18. c3 {[%clk 1:05:47]} a5 {[%clk 1:08:51]} 19. Rhf1
{[%clk 0:55:57]} Bf4 {[%clk 1:06:11]} 20. f3 {[%clk 0:52:43]} a4 {[%clk 1:04:52]}
21. h4 {[%clk 0:46:49]} axb3 {[%clk 1:00:40]} 22. Nxb3 {[%clk 0:42:38]} Qa6
{[%clk 0:55:59]} 23. Kc2 {[%clk 0:39:39]} Rac8 {[%clk 0:53:42]} 24. Ra1
{[%clk 0:38:44]} Qa4 {[%clk 0:51:53]} 25. Kd1 {[%clk 0:35:35]} b4
{[%clk 0:50:00]} 26. cxb4 {[%clk 0:32:21]} Qxb4 {[%clk 0:50:21]} 27. Rf2
{[%clk 0:31:21]} Nd7 {[%clk 0:48:01]} 28. a4 {[%clk 0:27:46]} Rb8
{[%clk 0:35:09]} 29. Ra3 {[%clk 0:24:17]} Nb6 {[%clk 0:31:35]} 30. Nc5
{[%clk 0:23:56]} Rxc5 {[%clk 0:20:29]} 31. dxc5 {[%clk 0:23:06]} Nxa4
{[%clk 0:18:57]} 32. Qd4 {[%clk 0:20:10]} Nxb2+ {[%clk 0:18:29]} 33. Qxb2
{[%clk 0:16:42]} Qxb2 {[%clk 0:18:48]} 34. Rxb2 {[%clk 0:17:05]} Rxb2
{[%clk 0:19:15]} 35. Ra8+ {[%clk 0:14:49]} Rb8 {[%clk 0:19:29]} 36. Ra4
{[%clk 0:13:48]} Bg3 {[%clk 0:19:35]} 37. h5 gxh5 {[%clk 0:19:55]} 38. gxh5
{[%clk 0:12:52]} Rc8 {[%clk 0:20:12]} 39. h6 {[%clk 0:09:13]} g5 {[%clk 0:20:03]}
40. Ra7 {[%clk 0:38:34]} Rc7 {[%clk 0:50:17]} 41. Ra5 {[%clk 0:36:40]} Bf2
{[%clk 0:50:23]} 42. Ra2 {[%clk 0:35:23]} Bxc5 {[%clk 0:50:44]} 43. Rg2
{[%clk 0:35:10]} Be3 {[%clk 0:51:06]} 44. Ra2 {[%clk 0:34:04]} Kh7
{[%clk 0:51:24]} 45. Ke2 {[%clk 0:34:02]} Bf4 {[%clk 0:51:36]} 46. Kd3
{[%clk 0:34:12]} Kxh6 {[%clk 0:51:50]} 47. Kd4 0-1

[Event "World Chess Olympiad 2018"]
[Site "Batumi"]
[Date "2018.09.24"]
[Round "1"]
[Board "2"]
[WhiteFideId "6500331"]
[White "Valdes Romero Leonardo"]
[BlackFideId "10002324"]
[Black "Njau Albert"]
[Result "1-0"]
[LiveChessVersion "1.4.8"]
[BlackElo "1716"]
[WhiteElo "2398"]

1. Nf3 {[%clk 1:30:48]} Nf6 {[%clk 1:30:26]} 2. g3 {[%clk 1:30:56]} b6
{[%clk 1:30:05]} 3. Bg2 {[%clk 1:31:18]} Bb7 {[%clk 1:29:31]} 4. O-O
{[%clk 1:31:42]} e6 {[%clk 1:29:07]} 5. c4 {[%clk 1:31:59]} Be7 {[%clk 1:28:46]}
6. d4 {[%clk 1:30:37]} O-O {[%clk 1:28:35]} 7. Re1 {[%clk 1:30:42]} d6
{[%clk 1:25:41]} 8. Nc3 {[%clk 1:28:22]} Ne4 {[%clk 1:24:21]} 9. Qc2
{[%clk 1:24:04]} Nxc3 {[%clk 1:22:36]} 10. Qxc3 {[%clk 1:24:23]} Be4
{[%clk 1:20:38]} 11. Nh4 {[%clk 1:23:11]} Bxg2 {[%clk 1:18:12]} 12. Nxg2
{[%clk 1:23:38]} Nd7 {[%clk 1:17:30]} 13. b3 {[%clk 1:22:11]} Bf6
{[%clk 1:15:45]} 14. Bb2 {[%clk 1:22:32]} Qc8 {[%clk 1:13:30]} 15. Qf3
{[%clk 1:20:41]} c5 {[%clk 1:09:29]} 16. Rad1 {[%clk 1:18:42]} Rd8
{[%clk 1:06:15]} 17. Ne3 {[%clk 1:16:23]} g6 {[%clk 1:04:51]} 18. h4
{[%clk 1:11:08]} Bg7 {[%clk 1:00:30]} 19. h5 {[%clk 1:10:49]} Qc7
{[%clk 0:58:52]} 20. Rd2 {[%clk 1:04:15]} Rac8 {[%clk 0:52:11]} 21. Red1
{[%clk 1:00:24]} cxd4 {[%clk 0:35:58]} 22. Bxd4 {[%clk 1:00:46]} Ne5
{[%clk 0:35:53]} 23. Qh1 {[%clk 1:00:17]} g5 {[%clk 0:32:48]} 24. f4
{[%clk 0:52:48]} gxf4 {[%clk 0:22:31]} 25. gxf4 {[%clk 0:53:11]} f6
{[%clk 0:19:52]} 26. h6 {[%clk 0:48:07]} Bf8 {[%clk 0:15:07]} 27. fxe5
{[%clk 0:45:52]} dxe5 {[%clk 0:14:53]} 28. Bc3 {[%clk 0:45:33]} Rxd2
{[%clk 0:13:03]} 29. Rxd2 {[%clk 0:45:57]} Bc5 {[%clk 0:12:26]} 30. Qh3
{[%clk 0:46:05]} Kh8 {[%clk 0:10:48]} 31. Kf1 {[%clk 0:45:45]} Rg8
{[%clk 0:10:01]} 32. Qxe6 {[%clk 0:41:58]} Rg6 {[%clk 0:06:56]} 33. Rd7
{[%clk 0:38:56]} Qb8 {[%clk 0:05:14]} 34. Qf7 {[%clk 0:32:53]} Qg8
{[%clk 0:04:24]} 35. Qxg8+ {[%clk 0:33:08]} Kxg8 {[%clk 0:04:18]} 36. Bd2
{[%clk 0:33:04]} f5 {[%clk 0:02:08]} 37. b4 {[%clk 0:30:43]} Bd4 {[%clk 0:01:25]}
38. Rg7+ {[%clk 0:31:02]} Kf8 {[%clk 0:00:48]} 39. Nxf5 {[%clk 0:30:35]} 1-0

[Event "World Chess Olympiad 2018"]
[Site "Batumi"]
[Date "2018.09.24"]
[Round "1"]
[Board "3"]
[WhiteFideId "10002251"]
[White "Mlawa Hemed"]
[BlackFideId "6504779"]
[Black "Jimenez Garcia Emmanuel"]
[Result "0-1"]
[LiveChessVersion "1.4.8"]
[BlackElo "2290"]
[WhiteElo "1828"]

1. d4 {[%clk 1:30:25]} Nf6 {[%clk 1:30:48]} 2. Bf4 {[%clk 1:30:29]} d6
{[%clk 1:29:34]} 3. c3 {[%clk 1:26:34]} Nbd7 {[%clk 1:27:10]} 4. Nf3
{[%clk 1:25:38]} g6 {[%clk 1:25:52]} 5. h3 {[%clk 1:24:32]} Bg7 {[%clk 1:26:12]}
6. e3 {[%clk 1:24:54]} O-O {[%clk 1:26:25]} 7. Bc4 {[%clk 1:24:07]} Qe8
{[%clk 1:18:13]} 8. O-O {[%clk 1:21:20]} e5 {[%clk 1:17:46]} 9. Bh2
{[%clk 1:20:16]} Qe7 {[%clk 1:09:52]} 10. Be2 {[%clk 1:00:21]} Re8
{[%clk 1:07:27]} 11. c4 {[%clk 0:56:48]} exd4 {[%clk 1:02:19]} 12. Nxd4
{[%clk 0:57:01]} Ne4 {[%clk 1:02:33]} 13. Nc3 {[%clk 0:47:35]} Nxc3
{[%clk 1:02:05]} 14. bxc3 {[%clk 0:47:56]} Nc5 {[%clk 0:59:57]} 15. Bf3
{[%clk 0:39:05]} Be6 {[%clk 0:46:47]} 16. Nxe6 {[%clk 0:34:02]} Qxe6
{[%clk 0:43:24]} 17. Bd5 {[%clk 0:34:18]} Qe7 {[%clk 0:38:20]} 18. Rb1
{[%clk 0:34:23]} Rab8 {[%clk 0:38:45]} 19. Qc2 {[%clk 0:29:13]} c6
{[%clk 0:33:08]} 20. Bf3 {[%clk 0:29:12]} Be5 {[%clk 0:33:29]} 21. Rfd1
{[%clk 0:28:34]} Qe6 {[%clk 0:30:15]} 22. Bg4 {[%clk 0:19:22]} f5
{[%clk 0:23:24]} 23. Be2 {[%clk 0:19:12]} Rbd8 {[%clk 0:20:36]} 24. Bf1
{[%clk 0:14:18]} Qf7 {[%clk 0:10:40]} 25. a4 {[%clk 0:11:22]} a5 {[%clk 0:05:07]}
26. Rbc1 {[%clk 0:05:25]} Bxh2+ {[%clk 0:04:18]} 27. Kxh2 {[%clk 0:05:49]} f4
{[%clk 0:04:35]} 28. exf4 {[%clk 0:04:09]} Qxf4+ {[%clk 0:04:53]} 29. Kg1
{[%clk 0:04:30]} Qf5 {[%clk 0:03:51]} 30. Bd3 {[%clk 0:03:03]} Qf6
{[%clk 0:04:11]} 31. Rd2 {[%clk 0:02:20]} Re6 {[%clk 0:04:22]} 32. Bf1
{[%clk 0:02:12]} Rde8 {[%clk 0:03:11]} 33. Rcd1 {[%clk 0:02:09]} Kg7
{[%clk 0:03:03]} 34. Rd4 {[%clk 0:02:18]} R8e7 {[%clk 0:02:23]} 35. R4d2
{[%clk 0:02:11]} Rf7 {[%clk 0:01:35]} 36. Bd3 {[%clk 0:01:34]} Qe7
{[%clk 0:01:22]} 37. Bf1 {[%clk 0:01:35]} Rff6 {[%clk 0:01:44]} 38. Re2
{[%clk 0:01:06]} Rxe2 {[%clk 0:01:52]} 39. Bxe2 {[%clk 0:01:24]} Nxa4
{[%clk 0:00:38]} 40. Rb1 {[%clk 0:30:40]} Nc5 {[%clk 0:30:47]} 41. Bf3
{[%clk 0:23:46]} Qe6 {[%clk 0:28:40]} 42. Qa2 {[%clk 0:16:59]} a4
{[%clk 0:28:40]} 43. Kf1 {[%clk 0:16:04]} Rf4 {[%clk 0:27:58]} 44. Rb4
{[%clk 0:11:19]} Qe5 {[%clk 0:24:21]} 45. Qd2 {[%clk 0:10:27]} Rf8
{[%clk 0:22:05]} 46. Qb2 {[%clk 0:06:24]} Re8 {[%clk 0:20:32]} 47. g3
{[%clk 0:06:16]} Re7 {[%clk 0:20:53]} 48. Qd2 {[%clk 0:05:20]} a3
{[%clk 0:20:21]} 49. Kg2 {[%clk 0:05:41]} Rf7 {[%clk 0:17:38]} 50. Rb1
{[%clk 0:04:40]} Rxf3 {[%clk 0:17:18]} 51. Rxb7+ {[%clk 0:04:28]} Rf7
{[%clk 0:17:22]} 0-1

[Event "World Chess Olympiad 2018"]
[Site "Batumi"]
[Date "2018.09.24"]
[Round "1"]
[Board "4"]
[WhiteFideId "6500072"]
[White "Chinchilla Miranda Eugenio"]
[BlackFideId "10001670"]
[Black "Hassuji Nurdin"]
[Result "1-0"]
[LiveChessVersion "1.4.8"]
[BlackElo "1766"]
[WhiteElo "2206"]

1. d4 {[%clk 1:30:56]} d5 {[%clk 1:30:31]} 2. c4 {[%clk 1:31:18]} c6
{[%clk 1:30:57]} 3. Nf3 {[%clk 1:31:40]} Nf6 {[%clk 1:31:23]} 4. Qb3
{[%clk 1:31:56]} e6 {[%clk 1:30:31]} 5. Bg5 {[%clk 1:29:50]} Be7 {[%clk 1:29:41]}
6. e3 {[%clk 1:29:14]} Nbd7 {[%clk 1:28:14]} 7. Nc3 {[%clk 1:29:13]} O-O
{[%clk 1:28:18]} 8. Be2 {[%clk 1:26:40]} b6 {[%clk 1:24:33]} 9. O-O
{[%clk 1:26:14]} Ba6 {[%clk 1:22:44]} 10. cxd5 {[%clk 1:12:45]} Bxe2
{[%clk 1:21:14]} 11. Nxe2 {[%clk 1:13:11]} cxd5 {[%clk 1:20:09]} 12. Rfc1
{[%clk 1:11:58]} Rc8 {[%clk 1:12:36]} 13. Qa4 {[%clk 1:09:45]} a5
{[%clk 1:02:45]} 14. Rxc8 {[%clk 1:08:30]} Qxc8 {[%clk 1:02:26]} 15. Ne5
{[%clk 1:07:13]} Bd6 {[%clk 0:53:13]} 16. Rc1 {[%clk 1:06:07]} Qb7
{[%clk 0:51:06]} 17. Nxd7 {[%clk 0:51:27]} Nxd7 {[%clk 0:46:49]} 18. Qc6
{[%clk 0:48:32]} Qxc6 {[%clk 0:41:25]} 19. Rxc6 {[%clk 0:48:57]} Bb8
{[%clk 0:39:43]} 20. Nc3 {[%clk 0:48:09]} f6 {[%clk 0:34:28]} 21. Bh4
{[%clk 0:45:04]} Kf7 {[%clk 0:33:32]} 22. f3 {[%clk 0:34:44]} Rd8
{[%clk 0:28:55]} 23. Be1 {[%clk 0:33:00]} Ke7 {[%clk 0:21:50]} 24. Kf1
{[%clk 0:30:54]} g5 {[%clk 0:19:52]} 25. h3 {[%clk 0:29:35]} h5 {[%clk 0:17:49]}
26. Ke2 {[%clk 0:26:47]} f5 {[%clk 0:17:17]} 27. Na4 {[%clk 0:20:55]} b5
{[%clk 0:06:41]} 28. Bxa5 {[%clk 0:18:51]} bxa4 {[%clk 0:04:35]} 29. Bxd8+
{[%clk 0:19:09]} Kxd8 {[%clk 0:04:57]} 30. Rxe6 {[%clk 0:19:20]} Bc7
{[%clk 0:03:17]} 31. Rh6 {[%clk 0:15:26]} f4 {[%clk 0:01:58]} 32. Rxh5
{[%clk 0:14:44]} fxe3 {[%clk 0:00:55]} 33. Rxg5 {[%clk 0:14:38]} Nb6
{[%clk 0:00:57]} 34. Kxe3 {[%clk 0:13:10]} 1-0

[Event "World Chess Olympiad 2018"]
[Site "Batumi"]
[Date "2018.09.24"]
[Round "1"]
[Board "1"]
[WhiteFideId "7101554"]
[White "Cuhendi Sean Winshand"]
[BlackFideId "15900711"]
[Black "Tromp Hubert Randolf"]
[Result "1-0"]
[LiveChessVersion "1.4.8"]
[BlackElo "1674"]
[WhiteElo "2441"]

1. e4 {[%clk 1:30:47]} c5 {[%clk 1:30:48]} 2. Nf3 {[%clk 1:31:04]} g6
{[%clk 1:31:06]} 3. g3 {[%clk 1:30:22]} Nc6 {[%clk 1:30:12]} 4. Bg2
{[%clk 1:30:31]} Bg7 {[%clk 1:29:51]} 5. O-O {[%clk 1:30:41]} d6 {[%clk 1:29:05]}
6. d3 {[%clk 1:30:42]} Rb8 {[%clk 1:27:37]} 7. a4 {[%clk 1:30:29]} e6
{[%clk 1:25:49]} 8. Nc3 {[%clk 1:27:51]} Nge7 {[%clk 1:24:13]} 9. Be3
{[%clk 1:25:55]} O-O {[%clk 1:24:34]} 10. d4 {[%clk 1:23:47]} cxd4
{[%clk 1:07:27]} 11. Nxd4 {[%clk 1:23:44]} a6 {[%clk 1:07:45]} 12. Qd2
{[%clk 1:19:29]} Qc7 {[%clk 1:05:32]} 13. f4 {[%clk 1:15:28]} e5 {[%clk 0:54:26]}
14. Nb3 {[%clk 1:11:52]} Be6 {[%clk 0:45:30]} 15. Nd5 {[%clk 1:08:02]} Bxd5
{[%clk 0:41:37]} 16. exd5 {[%clk 1:08:25]} exf4 {[%clk 0:42:00]} 17. gxf4
{[%clk 1:08:20]} Nf5 {[%clk 0:36:48]} 18. dxc6 {[%clk 1:08:34]} Nxe3
{[%clk 0:34:09]} 19. Qxe3 {[%clk 1:08:15]} bxc6 {[%clk 0:34:27]} 20. f5
{[%clk 1:06:56]} Bxb2 {[%clk 0:22:34]} 21. Rad1 {[%clk 1:04:58]} Be5
{[%clk 0:21:03]} 22. f6 {[%clk 1:04:51]} Qd8 {[%clk 0:21:23]} 23. Nd4
{[%clk 1:05:06]} Qb6 {[%clk 0:19:13]} 24. Qh6 {[%clk 1:05:19]} Bxf6
{[%clk 0:17:31]} 25. Rxf6 {[%clk 1:05:45]} Qc5 {[%clk 0:18:00]} 26. Kh1
{[%clk 1:05:21]} Qe5 {[%clk 0:17:27]} 27. Qf4 {[%clk 1:05:31]} Qxf4
{[%clk 0:14:30]} 28. Rxf4 {[%clk 1:05:57]} c5 {[%clk 0:13:55]} 29. Nc6
{[%clk 1:04:48]} Rb2 {[%clk 0:13:17]} 30. Rf2 {[%clk 1:05:14]} Kg7
{[%clk 0:11:19]} 31. Bd5 {[%clk 1:05:38]} f5 {[%clk 0:11:42]} 32. Bb3
{[%clk 1:05:54]} Re8 {[%clk 0:12:00]} 33. Na5 {[%clk 1:06:09]} Re4
{[%clk 0:07:22]} 34. Nc4 {[%clk 1:06:28]} Rxc4 {[%clk 0:07:07]} 35. Bxc4
{[%clk 1:06:55]} Rb4 {[%clk 0:07:35]} 36. Bxa6 {[%clk 1:06:56]} Rxa4
{[%clk 0:07:35]} 37. Rxd6 {[%clk 1:07:22]} Re4 {[%clk 0:06:03]} 38. Re2
{[%clk 1:07:46]} Rf4 {[%clk 0:05:51]} 39. Rc6 {[%clk 1:08:13]} Rf1+
{[%clk 0:04:30]} 40. Kg2 {[%clk 1:38:39]} Rc1 {[%clk 0:34:58]} 41. Rxc5
{[%clk 1:39:04]} h6 {[%clk 0:34:22]} 42. h4 {[%clk 1:39:22]} f4 {[%clk 0:33:50]}
43. Rc7+ {[%clk 1:39:40]} Kf6 {[%clk 0:34:09]} 44. Bc8 {[%clk 1:39:44]} f3+
{[%clk 0:33:10]} 45. Kxf3 {[%clk 1:40:10]} Rf1+ {[%clk 0:33:12]} 46. Kg2
{[%clk 1:40:36]} Rf4 {[%clk 0:33:29]} 47. Re6+ {[%clk 1:41:00]} Kf5
{[%clk 0:33:39]} 48. Rc5+ {[%clk 1:41:28]} Kg4 {[%clk 0:33:52]} 49. Re4+
{[%clk 1:41:56]} Kxh4 {[%clk 0:33:58]} 50. Rxf4# {[%clk 1:42:24]} 1-0